[Event "Budapest FS12 GM"]
[Site "Budapest"]
[Date "2003.12.13"]
[Round "8"]
[White "Horvath, Peter"]
[Black "Carlsen, Magnus"]
[Result "1-0"]
[WhiteElo "2457"]
[BlackElo "2450"]
[PlyCount "99"]
[EventDate "2003.12.06"]
[EventType "tourn"]
[EventRounds "13"]
[EventCountry "HUN"]
[EventCategory "8"]
[SourceTitle "CBM 097 Extra"]
[Source "ChessBase"]
[SourceDate "2004.01.13"]
[SourceVersion "1"]
[SourceVersionDate "2004.01.13"]
[SourceQuality "1"]

1. d4 f5 2. g3 Nf6 3. c4 g6 4. Bg2 Bg7 5. Nf3 O-O 6. Nc3 d6 7. d5 c6 8. O-O e5 9. dxe6 Bxe6 10. b3 Na6 11. Bb2 Qe7 12. Qc2 Rad8 ({RR} 12... d5 13. cxd5 Nxd5 14. Nxd5 Bxd5 15. Bxg7 Kxg7 16. Rfd1 Rad8 17. Ne1 Nc7 18. Qb2+ Qf6 19. Qxf6+ Kxf6 20. Nd3 Bxg2 21. Kxg2 Ne6 22. Kf1 Rd5 23. Rdc1 Rfd8 24. h4 h6 25. Rc4 Rd4 26. Rc3 g5 27. hxg5+ {Esipenko,A (2686)-Gholami Orimi,M (2428) Tornelo INT 2020 0-1 (61)}) ({RR} 12... d5 13. cxd5 Nxd5 14. Na4 Nab4 15. Qc1 Bxb2 16. Qxb2 b5 17. Nc3 Qf6 18. Rfc1 Rac8 19. a3 Na6 20. Rab1 Nac7 21. e3 Ne7 22. h4 h6 23. Ne2 Ncd5 24. Qxf6 Rxf6 25. Ned4 Bd7 26. Ne5 Be8 27. Rc5 {Li,G (2355)-Felmery,M (2149) Budapest HUN 2025 1-0 (38)}) 13. Rad1 Nb4 $146 ({RR} 13... Nc5 14. Nd4 Bd7 15. b4 Nce4 16. b5 Rc8 17. bxc6 bxc6 18. Nb1 Ng4 19. e3 Nexf2 20. Rxf2 Qxe3 21. Bc1 Qxd4 22. Rxd4 Bxd4 23. h3 Nxf2 24. Kh2 Ne4 25. Qd3 c5 26. Na3 Bc6 27. Nc2 Be5 28. Bf4 {Fernandez Vazquez,J (1984)-Garcia Blanco,O (2314) Santa Cruz de Tenerife 2018 0-1 (42)}) ({RR} 13... Rfe8 14. Ng5 Bc8 15. e3 h6 16. Nf3 Be6 17. Ne2 Bf7 18. Nf4 g5 19. Ne2 Bg6 20. Bd4 Ne4 21. Qb2 Nac5 22. b4 Ne6 23. Bxg7 Qxg7 24. Qxg7+ Kxg7 25. Rc1 a5 26. b5 Bh5 27. Nfd4 Bxe2 28. Nxe2 {Esipenko,A (2682)-Stefansson,V (2301) Tornelo INT 2020 1-0 (43)}) 14. Qc1 Ng4 15. Nd4 Bf7 16. h3 Nf6 17. Rfe1 d5 18. a3 Na6 19. cxd5 Nxd5 20. e4 Nxc3 21. Bxc3 fxe4 22. Bxe4 Qc5 23. b4 Qh5 24. Bg2 Nc7 25. g4 Qh4 26. Nf3 Rxd1 27. Qxd1 Qd8 28. Qxd8 Rxd8 29. Bxg7 Kxg7 30. Re7 Rc8 31. Ng5 Kf6 32. Rxf7+ Kxg5 33. Rxh7 a5 34. Kh2 axb4 35. axb4 Ne6 36. Rxb7 c5 37. Rb6 Nd4 38. Rd6 Nb3 39. bxc5 Nxc5 40. Kg3 Kh6 41. h4 Kg7 42. g5 Rb8 43. Bd5 Rb4 44. Rc6 Nd3 45. Rc7+ Kh8 46. f3 Nf4 47. Be4 Ne2+ 48. Kh3 Ng1+ 49. Kg4 Ne2 50. Rc6 1-0

[Event "Norwegian Club Championship /05 Asker 1"]
[Site "Asker"]
[Date "2004.12.05"]
[Round "3"]
[White "Carlsen, Magnus"]
[Black "Tisdall, Jonathan D"]
[Result "1-0"]
[WhiteElo "2484"]
[BlackElo "2471"]
[PlyCount "85"]
[EventDate "2004.??.??"]
[EventType "swiss"]
[EventCountry "NOR"]
[SourceTitle "EXT 2023"]
[Source "ChessBase"]
[SourceDate "2022.10.05"]
[SourceVersion "1"]
[SourceVersionDate "2022.10.05"]
[SourceQuality "1"]

1. d4 d5 2. c4 e6 3. Nc3 Nf6 4. Nf3 Be7 5. Bf4 O-O 6. e3 c5 7. dxc5 Na6 8. cxd5 Nxd5 9. Nxd5 exd5 10. Bxa6 Qa5+ 11. b4 ({RR} 11. Qd2 Qxa6 12. Bd6 Bxd6 13. cxd6 Bg4 14. Nd4 Rfd8 15. f3 Bh5 16. Kf2 Rxd6 17. Rhc1 Bg6 18. Rc7 Re8 19. a3 h5 20. Rac1 Rdd8 21. R1c3 Qd6 22. g3 Rb8 23. Nb5 Qb6 24. Nd4 Qd6 25. Qc1 a6 {Komov,R (2220)-Pinheiro,I (2270) chess.com INT 2024 1-0 (59)}) 11... Qxa6 $146 ({RR} 11... Qxb4+ 12. Qd2 Qxd2+ 13. Kxd2 bxa6 14. Rhc1 a5 15. Nd4 Bf6 16. Rab1 Bxd4 17. exd4 Ba6 18. c6 Rac8 19. c7 Bc4 20. Re1 f6 21. Bd6 Rfe8 22. Rxe8+ Rxe8 23. Rb8 {1-0 (23) Junge,R (2335)-Donko,M (2230) Kecskemet 1991}) 12. Nd4 b6 13. Bd6 Bxd6 14. cxd6 Bd7 15. a4 Qc4 16. Qb3 Qxb3 17. Nxb3 Rfd8 18. Kd2 Be8 19. Rhc1 Rxd6 20. Nd4 Rh6 21. h3 Rg6 22. g3 Rf6 23. f3 h5 24. Rc7 Rg6 25. g4 hxg4 26. hxg4 Rh6 27. Kc3 a6 28. Kb3 Rd8 29. Rac1 Bd7 30. Ra7 b5 31. a5 Kh7 32. Rcc7 Be8 33. Re7 Rc8 34. Rac7 Rd8 35. Re5 Rh1 36. Rh5+ Rxh5 37. gxh5 Bd7 38. Ra7 Bc8 39. Kc3 Re8 40. Kd2 f6 41. Ra8 Rg8 42. Nb3 Bb7 43. Ra7 1-0

[Event "Corus-C"]
[Site "Wijk aan Zee"]
[Date "2004.01.15"]
[Round "5"]
[White "Lanchava, Tea"]
[Black "Carlsen, Magnus"]
[Result "0-1"]
[WhiteElo "2323"]
[BlackElo "2484"]
[PlyCount "102"]
[EventDate "2004.01.10"]
[EventType "tourn"]
[EventRounds "13"]
[EventCountry "NED"]
[EventCategory "9"]
[SourceTitle "CBM 099"]
[Source "ChessBase"]
[SourceDate "2004.03.30"]
[SourceVersion "1"]
[SourceVersionDate "2004.03.30"]
[SourceQuality "1"]

1. d4 Nf6 2. c4 e6 3. Nf3 Bb4+ 4. Bd2 Qe7 5. a3 Bxd2+ 6. Nbxd2 d6 7. Qc2 c5 $146 ({RR} 7... e5 8. e4 Bg4 9. d5 O-O 10. Be2 c6 11. O-O Nh5 12. Rfe1 Nf4 13. h3 Bd7 14. Bf1 f5 15. dxc6 Nxc6 16. Qc3 Rae8 17. b4 Qf6 18. Qe3 g5 19. exf5 Bxf5 20. b5 Nd8 21. g3 Qh6 22. h4 {Gruenfeld,E-Johner,P Berlin 1926 1-0 (44)}) ({RR} 7... O-O 8. e3 c5 9. Be2 b6 10. O-O Bb7 11. Rfd1 Nbd7 12. dxc5 Nxc5 13. b4 Nce4 14. Nxe4 Bxe4 15. Qb2 Rac8 16. Rac1 Rfd8 17. Nd2 Bb7 18. Bf3 Bxf3 19. Nxf3 d5 20. cxd5 Nxd5 {½-½ (20) Dao,T (2510)-Paragua,M (2526) Singapore 2008}) ({RR} 7... e5 8. dxe5 dxe5 9. e3 {½-½ (9) Ubaldo Suarez,M (1958)-Angeles Mercado,A (2083) San Jose CA USA 2024}) ({RR} 7... O-O 8. e3 e5 9. Bd3 b6 10. O-O Bb7 11. e4 Nbd7 12. Rfe1 Nh5 13. g3 g6 14. b4 a5 15. Rac1 axb4 16. axb4 c5 17. bxc5 bxc5 18. d5 Nb8 19. Rb1 Na6 20. Rb2 Nb4 21. Qb3 Bc8 22. Be2 {Abramavicius,L-Ribera Arnal,A Hamburg 1930 0-1 (42)}) 8. dxc5 dxc5 9. Ne5 Nbd7 10. Ndf3 Nxe5 11. Nxe5 Qc7 12. Qa4+ Ke7 13. f4 Nd7 14. Nd3 b6 15. g3 Bb7 16. Rg1 Rhd8 17. Nf2 Nf6 18. Qc2 Rd7 19. Bg2 Bxg2 20. Rxg2 Rad8 21. Rd1 Rxd1+ 22. Nxd1 Qc6 23. Rg1 Qd6 24. Rf1 Qd4 25. e3 Qe4 26. Rf2 Qc6 27. Rg2 Ng4 28. Qe2 Rxd1+ 29. Kxd1 Nxe3+ 30. Qxe3 Qxg2 31. Qe5 Qh1+ 32. Kc2 Qxh2+ 33. Kb3 Qxg3+ 34. Ka2 Qd3 35. Qc7+ Qd7 36. Qe5 f6 37. Qh5 Qd3 38. b3 Qc2+ 39. Ka1 Qxb3 40. Qxh7 Qxa3+ 41. Kb1 Qb3+ 42. Ka1 Qd1+ 43. Kb2 Kf7 44. Ka3 Qf3+ 45. Ka4 a6 46. f5 Qxf5 47. Qh2 e5 48. Qg2 e4 49. Qh2 Qe5 50. Qh1 e3 51. Qb7+ Kf8 0-1

[Event "Corus-C"]
[Site "Wijk aan Zee"]
[Date "2004.01.17"]
[Round "6"]
[White "Carlsen, Magnus"]
[Black "Janssen, Ruud"]
[Result "1/2-1/2"]
[WhiteElo "2484"]
[BlackElo "2489"]
[PlyCount "117"]
[EventDate "2004.01.10"]
[EventType "tourn"]
[EventRounds "13"]
[EventCountry "NED"]
[EventCategory "9"]
[SourceTitle "CBM 099"]
[Source "ChessBase"]
[SourceDate "2004.03.30"]
[SourceVersion "1"]
[SourceVersionDate "2004.03.30"]
[SourceQuality "1"]

1. d4 Nf6 2. c4 e6 3. Nc3 c5 4. d5 d6 5. Nf3 exd5 6. cxd5 g6 7. Bg5 h6 8. Bh4 g5 9. Bg3 Nh5 10. Nd2 Nxg3 11. hxg3 Bg7 12. Nc4 O-O 13. e4 ({RR} 13. e3 Na6 14. Be2 Nc7 15. a4 b6 16. e4 Qe7 17. Qd2 Bd7 18. e5 Bxe5 19. Nxe5 Qxe5 20. Rxh6 Qg7 21. Rh2 Qg6 22. g4 Kg7 23. Bd3 Rfe8+ 24. Kf1 Qf6 25. Rh7+ Kf8 26. Ne4 Rxe4 27. Bxe4 Bxg4 {Agdestein,S (2545)-Gurevich,D (2505) Jerusalem 1986 ½-½ (32)}) 13... a6 $146 ({RR} 13... Re8 14. Be2 a6 15. a4 Bxc3+ 16. bxc3 Qf6 17. Qd2 Nd7 18. Ne3 Ne5 19. O-O Qg6 20. f4 Qxe4 21. fxe5 Qxe5 22. Nc4 Qxe2 23. Rae1 Qxc4 24. Rxe8+ Kg7 25. Qf2 f5 26. Qe1 Qxd5 27. Qe7+ Kg6 28. Rd8 {Bluebaum,M (2672)-Dyachuk,A (2312) chess.com INT 2023 1-0}) ({RR} 13... Re8 14. Be2 a6 15. a4 Bxc3+ 16. bxc3 Qf6 17. Qd2 Nd7 18. Ne3 Ne5 19. O-O Qg6 20. f4 Qxe4 21. fxe5 Qxe5 22. Nc4 Qxe2 23. Rae1 Qxc4 24. Rxe8+ Kg7 25. Qf2 f5 26. Qe1 Qxd5 27. Qe7+ Kg6 28. Rd8 {Bluebaum,M (2672)-Dyachuk,A (2312) chess.com INT 2023 1-0}) 14. a4 Qe7 15. Ne3 f5 16. exf5 Bxf5 17. g4 Bh7 18. Bd3 Bxd3 19. Qxd3 Nd7 20. Qc2 Rae8 21. O-O-O Rxf2 22. Qxf2 Qxe3+ 23. Qxe3 Rxe3 24. Rhe1 Rxe1 25. Rxe1 Be5 26. Ne4 Nb6 27. Kb1 Nxa4 28. b3 Nb6 29. Nxc5 Nxd5 30. Nxb7 Kg7 31. Na5 Nf6 32. Nc4 Nxg4 33. Nxe5 dxe5 34. Kc2 h5 35. Kd3 h4 36. Ke4 Kf6 37. Ra1 Nf2+ 38. Ke3 Ng4+ 39. Ke2 Kf5 40. Rxa6 Nf6 41. Rd6 g4 42. b4 h3 43. gxh3 gxh3 44. Kf1 e4 45. Rd8 Ke5 46. b5 Nd5 47. Rh8 Kd4 48. Rxh3 Kc4 49. Rh5 Nb6 50. Kf2 Kb4 51. Ke3 Na4 52. Kd4 Nb6 53. Kxe4 Na4 54. Kd4 Nb6 55. Rg5 Na4 56. Rh5 Nb6 57. Rh7 Kxb5 58. Rc7 Na4 59. Rc1 1/2-1/2

[Event "Corus-C"]
[Site "Wijk aan Zee"]
[Date "2004.01.18"]
[Round "7"]
[White "Gagunashvili, Merab"]
[Black "Carlsen, Magnus"]
[Result "0-1"]
[WhiteElo "2583"]
[BlackElo "2484"]
[PlyCount "88"]
[EventDate "2004.01.10"]
[EventType "tourn"]
[EventRounds "13"]
[EventCountry "NED"]
[EventCategory "9"]
[SourceTitle "CBM 099"]
[Source "ChessBase"]
[SourceDate "2004.03.30"]
[SourceVersion "1"]
[SourceVersionDate "2004.03.30"]
[SourceQuality "1"]

1. d4 d5 2. c4 c6 3. Nf3 Nf6 4. Nc3 a6 5. a4 e6 6. Bg5 Nbd7 7. a5 dxc4 8. e4 h6 9. Bh4 Bb4 10. Qa4 Bxc3+ 11. bxc3 g5 12. Bg3 Nxe4 13. Qxc4 Nxg3 14. hxg3 c5 $146 ({RR} 14... g4 15. Nd2 Nf6 16. Qd3 Qc7 17. Nc4 Bd7 18. Rb1 Kf8 19. Qd2 Kg7 20. Bd3 c5 21. Ne5 cxd4 22. cxd4 Rac8 23. Rxh6 Rxh6 24. Qg5+ Kf8 25. Qxh6+ Ke7 26. Qg7 Be8 27. Ng6+ Kd7 28. Qxf6 Qxa5+ 29. Ke2 {Peek,M (2375)-Agrest,E (2591) Gibraltar 2006 ½-½ (40)}) 15. Be2 cxd4 16. Rd1 dxc3 17. Qxc3 Qf6 18. Qb4 Qe7 19. Rd6 Nf6 20. Qd4 e5 21. Nxe5 Be6 22. f4 Rd8 23. Qa4+ Kf8 24. Rxd8+ Qxd8 25. fxg5 Nd5 26. gxh6 Qg5 27. Qa3+ Ke8 28. Rh5 Qf6 29. Bd1 Ne7 30. Qf3 Nf5 31. Ba4+ Kf8 32. Qa3+ Kg8 33. Ng4 Qd4 34. Bd1 Kh7 35. Be2 Re8 36. Qd3 Qg1+ 37. Kd2 Rc8 38. Bf1 Qc5 39. Ne3 Qc1+ 40. Ke2 Rc3 41. Qxc3 Qxc3 42. Nxf5 Bc4+ 43. Kf2 Qd2+ 44. Kg1 Bxf1 0-1

[Event "Moscow Aeroflot op-A"]
[Site "Moscow"]
[Date "2004.02.21"]
[Round "5"]
[White "Berkes, Ferenc"]
[Black "Carlsen, Magnus"]
[Result "1-0"]
[WhiteElo "2602"]
[BlackElo "2484"]
[PlyCount "119"]
[EventDate "2004.02.17"]
[EventType "swiss"]
[EventRounds "9"]
[EventCountry "RUS"]
[SourceTitle "CBM 100"]
[Source "ChessBase"]
[SourceDate "2004.06.01"]
[SourceVersion "1"]
[SourceVersionDate "2004.06.01"]
[SourceQuality "1"]

1. d4 Nf6 2. c4 g6 3. Nc3 Bg7 4. g3 O-O 5. Bg2 c6 6. e4 d6 7. Nge2 e5 8. d5 cxd5 9. cxd5 Bd7 ({RR} 9... Nbd7 10. h3 Nc5 11. Be3 Bd7 12. O-O Rc8 13. b4 Na6 14. a3 b6 15. Rc1 Nc7 16. Qd3 Qe8 17. Rfd1 Nb5 18. Nxb5 Rxc1 19. Rxc1 Bxb5 20. Qd2 Qd7 21. Nc3 Bc4 22. a4 Rc8 23. b5 h5 24. f3 {Rojas Alarcon,J (2365)-Tang,T (2068) chess.com INT 2025 1-0 (51)}) 10. O-O ({RR} 10. h3 b5 11. a3 a5 12. O-O Na6 13. Be3 Qb8 14. Qd2 Nc5 15. Bxc5 dxc5 16. Rfc1 a4 17. Nd1 Qb6 18. Qe3 Rfc8 19. Rc2 Bf8 20. Nc1 Qb8 21. Qg5 Ne8 22. Ne3 f6 23. Qh4 Qb6 24. Ne2 c4 {Stanojoski,Z (2455)-Nedev,T (2487) Gevgelija 2002 ½-½ (76)}) 10... b5 11. a3 $146 ({RR} 11. b4 Bg4 12. Nxb5 Qd7 13. Nbc3 Bh3 14. f3 a5 15. b5 Qa7+ 16. Kh1 Bxg2+ 17. Kxg2 Nbd7 18. a4 Rfc8 19. Qd3 Nc5 20. Qb1 Nfd7 21. Be3 Nb6 22. Rc1 Rc7 23. Nd1 Rac8 24. Nb2 f5 25. exf5 e4 {Stany,G (2522)-Ozdemir,S (2191) Chess.com INT 2020 0-1 (39)}) ({RR} 11. Bd2 Na6 12. a3 b4 13. axb4 Nxb4 14. Na2 Nxa2 15. Rxa2 Bb5 16. Re1 Qb6 17. Be3 Qb8 18. Nc1 Rc8 19. f3 Qc7 20. Bf1 Bxf1 21. Rxf1 Nd7 22. Nd3 f5 23. Nf2 Nb6 24. Qd3 Qc4 25. Rfa1 Qxd3 {Neuman,P (2392)-Mladek,R (2266) Ricany 2019 ½-½ (59)}) 11... a5 12. Be3 Na6 13. b4 Ng4 14. Bd2 axb4 15. axb4 f5 16. h3 Nf6 17. Qb3 Nh5 18. f3 Qb6+ 19. Kh2 Nc7 20. Rfc1 Nf6 21. Nd1 Rxa1 22. Rxa1 Ra8 23. Be3 Qb7 24. Rc1 Rc8 25. Ndc3 Na8 26. exf5 gxf5 27. f4 e4 28. Nd4 Nb6 29. Nc6 Nc4 30. Nxb5 Qxb5 31. Bf1 Bxc6 32. Bxc4 Bxd5 33. Bxd5+ Nxd5 34. Rxc8+ Kf7 35. Rc2 Ke6 36. Rc4 Kd7 37. Bf2 e3 38. Be1 Nb6 39. Rc2 Nd5 40. Ra2 Bd4 41. Qc2 Nf6 42. Qa4 Qxa4 43. Rxa4 Bb6 44. Kg2 d5 45. Kf3 d4 46. Ke2 h5 47. Ra6 Kc6 48. Kd3 Kb5 49. Rxb6+ Kxb6 50. Kxd4 Kb5 51. Ke5 Ne4 52. Kxf5 Nd2 53. g4 Nf3 54. Bg3 h4 55. Ke4 Nd2+ 56. Kxe3 hxg3 57. h4 Kxb4 58. h5 Kc5 59. h6 Ne4 60. Kxe4 1-0

[Event "Reykjavik op 21st"]
[Site "Reykjavik"]
[Date "2004.03.11"]
[Round "5"]
[White "Thorfinnsson, Bjorn"]
[Black "Carlsen, Magnus"]
[Result "0-1"]
[WhiteElo "2340"]
[BlackElo "2484"]
[PlyCount "96"]
[EventDate "2004.03.07"]
[EventType "swiss"]
[EventRounds "9"]
[EventCountry "ISL"]
[SourceTitle "CBM 099 Extra"]
[Source "ChessBase"]
[SourceDate "2004.05.04"]
[SourceVersion "1"]
[SourceVersionDate "2004.05.04"]
[SourceQuality "1"]

1. d4 Nf6 2. Nf3 g6 3. Bg5 Bg7 4. e3 O-O 5. Bd3 c5 6. c3 Nc6 7. Nbd2 d5 8. O-O Nd7 9. a3 ({RR} 9. Re1 Qb6 10. c4 e6 11. Nb3 dxc4 12. Bxc4 Na5 13. Nxa5 Qxa5 14. Qb3 cxd4 15. exd4 Nb6 16. Bb5 a6 17. Bd3 Nd5 18. Be4 Nf6 19. Bxf6 Bxf6 20. d5 Rd8 21. Rad1 Kg7 22. h4 Qb5 23. Qe3 exd5 {Narayanan,S (2649)-Andreikin,D (2729) Almaty KAZ 2024 1-0 (45)}) ({RR} 9. h3 Re8 10. Bc2 Qb6 11. Rb1 e5 12. dxe5 Ndxe5 13. e4 Be6 14. Nxe5 Nxe5 15. f4 c4+ 16. Kh1 Nd3 17. Bxd3 cxd3 18. f5 Bd7 19. fxg6 Qxg6 20. Be3 dxe4 21. Qb3 Be5 22. g4 b6 23. Rf2 Bg3 {Mihopoulos,K (2080)-Midilesh,M (1973) Belgrade SRB 2025 0-1}) 9... h6 $146 ({RR} 9... Qc7 10. b4 cxd4 11. cxd4 e5 12. dxe5 Ncxe5 13. Rc1 Qb6 14. Be2 a5 15. b5 Re8 16. a4 Nc5 17. Nxe5 Bxe5 18. Nf3 Bg7 19. Nd4 Be6 20. Bf3 Rac8 21. h3 Ne4 22. Nxe6 Qxe6 23. Bf4 Nc3 24. Qb3 {Le Tuan Minh (2567)-Yeremyan,A (2279) chess.com INT 2024 1-0 (34)}) ({RR} 9... Qc7 10. b4 cxd4 11. cxd4 e5 12. dxe5 Ncxe5 13. Rc1 Qb6 14. Be2 a5 15. b5 Re8 16. a4 Nc5 17. Nxe5 Bxe5 18. Nf3 Bg7 19. Nd4 Be6 20. Bf3 Rac8 21. h3 Ne4 22. Nxe6 Qxe6 23. Bf4 Nc3 24. Qb3 {Le Tuan Minh (2567)-Yeremyan,A (2279) chess.com INT 2024 1-0 (34)}) 10. Bh4 g5 11. Bg3 e5 12. Nxe5 Ndxe5 13. dxe5 Nxe5 14. Bxe5 Bxe5 15. f4 Bg7 16. fxg5 Qxg5 17. Qf3 Bg4 18. Qf4 Rae8 19. Rae1 Qxf4 20. Rxf4 h5 21. Nf1 Bh6 22. Ra4 a6 23. h3 Bd7 24. Rh4 Re5 25. g4 Rfe8 26. Rxh5 Rxh5 27. gxh5 Re5 28. Kf2 Rxh5 29. Ng3 Re5 30. e4 c4 31. Bf1 Bf4 32. Kf3 Bh6 33. Bg2 f5 34. Kf2 dxe4 35. Rd1 Ba4 36. Rd6 Bf8 37. Rg6+ Kf7 38. Rg5 Kf6 39. h4 Bh6 40. Rh5 Kg6 41. Bh3 Bd7 42. Bf1 Rb5 43. Bxc4 Rxb2+ 44. Kg1 f4 45. Rd5 fxg3 46. h5+ Kf6 47. Rd6+ Kg5 48. Rxd7 Kh4 0-1

[Event "Reykjavik op 21st"]
[Site "Reykjavik"]
[Date "2004.03.12"]
[Round "6"]
[White "Carlsen, Magnus"]
[Black "Sedlak, Nikola"]
[Result "1-0"]
[WhiteElo "2484"]
[BlackElo "2539"]
[PlyCount "93"]
[EventDate "2004.03.07"]
[EventType "swiss"]
[EventRounds "9"]
[EventCountry "ISL"]
[SourceTitle "CBM 099 Extra"]
[Source "ChessBase"]
[SourceDate "2004.05.04"]
[SourceVersion "1"]
[SourceVersionDate "2004.05.04"]
[SourceQuality "1"]

1. d4 Nf6 2. Bg5 g6 3. Bxf6 exf6 4. e3 d5 5. g3 Bd6 6. Bg2 c6 7. Nd2 O-O 8. Ne2 f5 ({RR} 8... Re8 9. c4 dxc4 10. Nxc4 Bb4+ 11. Nc3 Nd7 12. h4 Nf8 13. h5 Be6 14. Nd2 Nd7 15. a3 Bf8 16. g4 f5 17. gxf5 Bxf5 18. Bh3 Qh4 19. Qf3 Bxh3 20. Qxh3 Qxh3 21. Rxh3 Nf6 22. hxg6 fxg6 23. O-O-O {Fier,A (2534)-Bodnaruk,A (2334) chess.com INT 2025 1-0 (41)}) 9. c4 dxc4 10. Nxc4 Bb4+ 11. Nd2 $146 ({RR} 11. Nc3 Be6 12. Nd2 Re8 13. O-O Nd7 14. a3 Bf8 15. b4 a6 16. Qc2 Rc8 17. Na4 b6 18. Rfc1 Nf6 19. Qd1 Bd5 20. Bf1 a5 21. bxa5 bxa5 22. Nc5 Bh6 23. Rc3 Ng4 24. Nc4 Bxc4 25. Bxc4 Nxe3 {Svicevic,R (2243)-Bjelic,B (1890) Zrenjanin 2018 1-0 (36)}) 11... Be6 12. O-O Bxd2 13. Qxd2 Bd5 14. Bxd5 Qxd5 15. Nc3 Qd8 16. d5 cxd5 17. Nxd5 Nc6 18. Rfd1 Re8 19. Rac1 f6 20. b4 Re6 21. b5 Ne5 22. Qb4 Qf8 23. Qb3 Kg7 24. Nc7 Re7 25. Ne6+ Rxe6 26. Qxe6 Rd8 27. Qb3 Rxd1+ 28. Rxd1 Qc8 29. Kg2 g5 30. f4 Nf7 31. Qd5 g4 32. Rd2 h5 33. a4 Kg6 34. Kf2 Qc3 35. Ke2 Qa1 36. Qxb7 Qxa4 37. Qd5 Qb4 38. Ra2 Qb1 39. Rxa7 Qb2+ 40. Kd3 Qb1+ 41. Kc4 Qc1+ 42. Kb4 Qe1+ 43. Kc5 Qxe3+ 44. Qd4 Qc1+ 45. Kb6 h4 46. Rc7 Qh1 47. Qd7 1-0

[Event "Reykjavik op 21st"]
[Site "Reykjavik"]
[Date "2004.03.15"]
[Round "8"]
[White "Carlsen, Magnus"]
[Black "Stefansson, Hannes"]
[Result "0-1"]
[WhiteElo "2484"]
[BlackElo "2572"]
[PlyCount "158"]
[EventDate "2004.03.07"]
[EventType "swiss"]
[EventRounds "9"]
[EventCountry "ISL"]
[SourceTitle "CBM 099 Extra"]
[Source "ChessBase"]
[SourceDate "2004.05.04"]
[SourceVersion "1"]
[SourceVersionDate "2004.05.04"]
[SourceQuality "1"]

1. d4 Nf6 2. Bg5 e6 3. e4 h6 4. Bxf6 Qxf6 5. Nc3 d6 6. Qd2 c6 7. f4 e5 8. dxe5 dxe5 9. f5 Bb4 10. O-O-O Nd7 11. Nf3 Qe7 12. g4 $146 ({RR} 12. a3 Ba5 13. Kb1 Nf6 14. Bd3 Bd7 15. Rhe1 b5 16. g4 Bb6 17. h3 O-O-O 18. Na2 Kb8 19. Qc1 c5 20. c4 b4 21. Bf1 Bc6 22. Rd5 Bxd5 23. cxd5 bxa3 24. bxa3 Ne8 25. Qb2 f6 26. a4 Qb7 {Thorhallsson,T (2459)-Stefansson,H (2572) Reykjavik 2004 ½-½ (56)}) ({RR} 12. Qe1 Nc5 13. a3 Bxc3 14. Qxc3 Nxe4 15. Qxe5 Qxe5 16. Nxe5 O-O 17. Rd4 Bxf5 18. Bd3 Rae8 19. Bxe4 Rxe5 20. Bxf5 Rxf5 21. Rd7 Re8 22. Rxb7 Re2 23. Rxa7 Rff2 24. Rb7 Rxc2+ 25. Kb1 Rxg2 26. h4 Rc4 {Bhat,V (2409)-Oms Pallisse,J (2511) Andorra 2006 0-1 (45)}) 12... Nf6 13. Bd3 Bd7 14. h3 O-O-O 15. Kb1 Kb8 16. Rhe1 Bc8 17. a3 Ba5 18. b4 Bc7 19. Na4 g6 20. Qc3 gxf5 21. exf5 Rhe8 22. Nc5 Nd5 23. Qb3 Nf4 24. Bc4 Rxd1+ 25. Rxd1 Rf8 26. Qe3 h5 27. Ne4 f6 28. Nh4 Bb6 29. Qf3 hxg4 30. hxg4 Qg7 31. Ng3 Rh8 32. Rh1 Rh6 33. Rh2 Bg1 34. Rh1 Bd4 35. Ne4 Qh8 36. Qg3 Nd5 37. Rh2 Ne3 38. Bd3 Qg8 39. Nf3 Rxh2 40. Qxh2 Nxg4 41. Qg3 Bb6 42. Nxf6 Nxf6 43. Qxe5+ Bc7 44. Qxf6 Qd5 45. Nd2 Be5 46. Qh4 Bxf5 47. Qc4 Qh1+ 48. Nf1 Bd7 49. Qe4 Qh5 50. Ne3 Qg5 51. Ka2 Bh8 52. Qh1 Qe5 53. Qc1 Bf6 54. Bc4 Bg5 55. Qd1 Kc7 56. Nf1 Bf6 57. Qc1 Qc3 58. Bb3 Bd4 59. Qf4+ Be5 60. Qc1 Kc8 61. Bg8 Bg7 62. Bf7 Bf5 63. Ne3 Bh6 64. Qf1 Bd7 65. Nd1 Qxc2+ 66. Nb2 Bg7 67. Qb1 Qc3 68. Bb3 Kc7 69. Qc2 Qd4 70. Qe2 Be5 71. Bg8 Bg4 72. Qc2 Bf5 73. Qe2 b5 74. Bf7 Be4 75. Bg8 Kd6 76. Bf7 Bd5+ 77. Bxd5 cxd5 78. Nd3 Qa1+ 79. Kb3 Qb1+ 0-1

[Event "Dubai op 6th"]
[Site "Dubai"]
[Date "2004.04.23"]
[Round "5"]
[White "Harikrishna, Pentala"]
[Black "Carlsen, Magnus"]
[Result "1/2-1/2"]
[WhiteElo "2599"]
[BlackElo "2552"]
[PlyCount "59"]
[EventDate "2004.04.19"]
[EventType "swiss"]
[EventRounds "9"]
[EventCountry "UAE"]
[SourceTitle "CBM 101"]
[Source "ChessBase"]
[SourceDate "2004.07.27"]
[SourceVersion "1"]
[SourceVersionDate "2004.07.27"]
[SourceQuality "1"]

1. d4 d5 2. c4 c6 3. Nc3 Nf6 4. e3 a6 5. Nf3 b5 6. b3 Bg4 7. Be2 e6 8. h3 Bh5 9. O-O Nbd7 10. Bb2 Bd6 11. Ne5 Bxe2 12. Nxe2 dxc4 13. bxc4 c5 14. Nxd7 Qxd7 15. dxc5 Bxc5 16. Qxd7+ Kxd7 17. cxb5 axb5 18. Rfd1+ Ke7 19. Nd4 Bxd4 20. Bxd4 Rhc8 21. Rd2 $146 ({RR} 21. Rab1 Rxa2 22. Rxb5 Rac2 23. Bb2 R2c7 24. Be5 Rc1 25. Rb7+ Kf8 26. Rxc1 Rxc1+ 27. Kh2 Rc8 28. f3 Kg8 29. e4 h6 30. h4 Rd8 31. Bxf6 gxf6 32. g4 Kg7 33. Kg3 Rd3 34. Rb5 Ra3 35. Rc5 {½-½ (35) Pedersen,S (2427)-Lobzhanidze,D (2444) Gausdal 2000}) 21... g6 22. Rb2 Rcb8 23. f3 Nd7 24. e4 h5 25. Rd1 Rb7 26. Bc3 f6 27. Rbd2 Ne5 28. Bb4+ Kf7 29. a3 g5 30. Kf2 1/2-1/2